Stand, Columbia (Record no. 620019)

MARC details
000 -LEADER
fixed length control field 00429nam a2200157 a 4500
008 - FIXED-LENGTH DATA ELEMENTS--GENERAL INFORMATION
fixed length control field 260427s2003##################000#0#eng##
020 ## - INTERNATIONAL STANDARD BOOK NUMBER
ISBN 9780231130080
Paper back/Hardbound hbk
082 04 - DEWEY DECIMAL CLASSIFICATION NUMBER
Classification number 378.7471
Item number MCC
100 1# - MAIN ENTRY--AUTHOR NAME
Personal name McCaughey, Robert A.
245 10 - TITLE STATEMENT
Title Stand, Columbia
Statement of responsibility, etc / Robert A. McCaughey
260 ## - PUBLICATION, DISTRIBUTION, ETC. (IMPRINT)
Name of publisher Columbia University Press
Year of publication 2003.
300 ## - PHYSICAL DESCRIPTION
Number of Pages 715 pages
650 ## - SUBJECT ADDED ENTRY--TOPICAL TERM
Topical Term Higher education
942 ## - ADDED ENTRY ELEMENTS (KOHA)
Koha item type English Books
Holdings
Withdrawn status Lost status Damaged status Not for loan Home library Current library Shelving location Date acquired Full call number Accession Number Price effective from Koha item type
        Anna Centenary Library Anna Centenary Library 4TH FLOOR, B WING 27.04.2026 378.7471 MCC 166741 27.04.2026 English Books

Find us on the map